|
|
|
|
| LEADER |
00000naa a2200000uu 4500 |
| 001 |
vtls011034063 |
| 003 |
SK-MaSNL |
| 005 |
20260302124811.0 |
| 008 |
210907|2002 xo |||||||||||||||||eng| |
| 015 |
|
|
|a SNBRA
|
| 035 |
|
|
|a (urnnbn)urn:nbn:sk:snk:ar-008sjt
|
| 035 |
|
|
|a (uuid)0786efd1-cde9-4b21-a41a-c0036c95c08c
|
| 035 |
|
|
|a urn:nbn:sk:snk-aauodx
|
| 040 |
|
|
|a SNKBUCL
|b slo
|c SNKBUCL
|e AACR2
|
| 041 |
0 |
|
|a eng
|
| 044 |
|
|
|a xo
|c SK
|
| 100 |
1 |
|
|a Riečičiarová, E.
|4 aut
|9 811155
|
| 245 |
1 |
0 |
|a Equipment for gear mechanisms testing
|c E. Riečičiarová, J. Oravcová
|
| 700 |
1 |
|
|a Oravcová, J.
|4 aut
|9 811156
|
| 773 |
0 |
|
|t Dynamics of Gear Drives
|d In Bratislava : Slovak University of Technology, 2002
|g S. 38
|z 8022717088
|
| 958 |
|
|
|a OND
|
| 958 |
|
|
|a article12
|
| 958 |
|
|
|a chapter
|
| 999 |
|
|
|c 1290179
|d 1292109
|